000 00585nam a2200193 a 4500
001 12508
003 CO-ViMGA
008 141112s2004 ck r 000 u spa d
020 _a8479021241
040 _aCO-ViMGA
_bspa
_cCO-ViMGA
082 0 4 _a796.352 P35p
100 1 _aPenick, Harvey
_918018
245 1 0 _aEl pequeño libro Rojo del Golf
260 _aMadrid :
_bTutor,
_c1996
300 _a191p.
590 _aForma de adquisición : COMPRA - - Precio : 53.900 - - Proveedor : TUCIDIDES PEREA - - Fecha de adquisición : 09 - 06 - 2000
650 1 4 _aGOLF
_93587
942 _2ddc
_cBK
999 _c23504
_d23504